000
00314nam a2200133Ia 4500
005
20251222141846.0
008
251222s9999||||xx |||||||||||||| ||spa||
020
_a
9972-755-44-4
082
_a
507/U82
100
_a
Urrelo, Rafael
245
0
_a
Capital Conocimiento:
264
_b
Congreso del PerĂº
942
_c
LIB
999
_c
7577
_d
7577